000
00318nam a2200133Ia 4500
008
151001s9999||||xx |||||||||||||| ||und||
100
_a
नीलाभ
245
_a
सन्नाटे की चीख
250
_a
1
260
_b
अपराजिता
260
_c
2011
300
_a
166
365
_b
21
999
_c
999141
_d
999138